书目信息 |
| 书名: | Echoes in the darkness | |
| 作者: | Joseph Wambaugh. | |
| 分册号: | ||
| 分册名: | 出版地: | Toronto : |
|
| 出版社: | Bantam Books | |
| 出版时间: | c1987. | |
| 页数: | 370 p. ; | |
| 开本: | 18 cm. | |
| 丛书名: | ||
| 中图分类号: | ||
| 科图分类号: | ||
| 其他分类号: | D771.288 | |
| 主题词: | ||
| 电子资源: | ||
| 000 | 00928nam 2200313 a 45 | |
| 001 | E0753032108 | |
| 005 | 20070321145038.84 | |
| 008 | 971024s1987 onc 00010ceng | |
| 010 | @a 86023708 //r923 | |
| 020 | @a0553269321. | |
| 040 | @aNUL@cNUL | |
| 043 | @an-us-pa | |
| 050 | 00 | @aHV6785@b.W36 1987 |
| 082 | 00 | @a364.1/523/0974811 @2 19 |
| 090 | @aD771.288/X5 | |
| 090 | @aD771.288 | |
| 099 | @dD771.288@ex31 | |
| 100 | 10 | @aWambaugh, Joseph. |
| 245 | 10 | @aEchoes in the darkness / @cJoseph Wambaugh. |
| 250 | @a1st ed. | |
| 260 | 0 | @aToronto :@bBantam Books,@cc1987. |
| 300 | @a370 p. ;@c18 cm. | |
| 500 | @a"A Perigord Press Book." | |
| 600 | 10 | @aSmith, Jay C. |
| 600 | 10 | @aBradfield, Bill. |
| 650 | 0 | @aMurderers@zPennsylvania@zMain Line@xBiography. |
| 650 | 0 | @aMurder@zPennsylvania@zMain Line@xCase studies. |
| 905 | @anul97001772 | |
| 920 | @a232010@bD771.288/X5 | |
| Echoes in the darkness / / Joseph Wambaugh.-1st ed.-Toronto : : Bantam Books, , c1987. |
| 370 p. ; ; 18 cm. |
| "A Perigord Press Book." |
| ISBN 0553269321. |
| ● |
| 相关链接 |
|
|
|
|
正题名:Echoes in the darkness
索取号:D771.288/x31
 
预约/预借
| 序号 | 登录号 | 条形码 | 馆藏地/架位号 | 状态 | 备注 |
| 1 | 0002088 | 300020885 | 第二样本阅览室/ [索取号:D771.288/x31] | 在馆 |